| LEADER | 02242nam a2200361 i 4500 | ||
|---|---|---|---|
| 001 | 10038325 | ||
| 003 | GR-PaULI | ||
| 005 | 20221116125047.0 | ||
| 008 | 001219s1987 gr g 1 d gre d | ||
| 952 | |0 0 |1 0 |4 0 |6 792_094950000000000_ΣΟΛ |7 0 |9 24517 |a THST |b THST |d 2016-04-24 |i 01050 |l 0 |o 792.09495 ΣΟΛ |p 025000197997 |r 2016-04-24 00:00:00 |t 1 |v 2016.00 |w 2016-04-24 |y BK15 | ||
| 952 | |0 0 |1 0 |4 0 |6 792_094950000000000_ΣΟΛ |7 0 |9 24518 |a THST |b THST |d 2016-04-24 |i 02627 |l 0 |o 792.09495 ΣΟΛ |p 025000197996 |r 2016-04-24 00:00:00 |t 2 |v 2016.00 |w 2016-04-24 |y BK15 | ||
| 952 | |0 0 |1 0 |4 0 |6 792_094950000000000_ΣΟΛ |7 0 |9 24519 |a THST |b THST |d 2016-04-24 |i 02628 |l 0 |o 792.09495 ΣΟΛ |p 025000197995 |r 2016-04-24 00:00:00 |t 3 |v 2016.00 |w 2016-04-24 |y BK15 | ||
| 952 | |0 0 |1 0 |2 ddc |4 0 |6 882_010000000000000_ΣΟΛ |7 0 |9 218083 |a LISP |b LISP |c BSC |d 2017-12-12 |i 063689 |l 0 |o 882.01 ΣΟΛ |p 025000254620 |r 2017-12-12 00:00:00 |t 4 |v 2017.00 |w 2017-12-12 |y BK15 | ||
| 952 | |0 0 |1 0 |2 ddc |4 0 |6 882_010000000000000_ΣΟΛ |7 0 |9 218084 |a LISP |b LISP |c BSC |d 2017-12-12 |i 117021 |l 0 |o 882.01 ΣΟΛ |p 025000254619 |r 2017-12-12 00:00:00 |t 5 |y BK15 | ||
| 999 | |c 15462 |d 15462 | ||
| 040 | |a GR-PaULI |b gre |c GR-PaULI |e AACR2 | ||
| 082 | 0 | 4 | |a 792.094 95 |
| 082 | 0 | 4 | |a 882.01 |2 23 |
| 100 | 1 | |9 2595 |a Σολομός, Αλέξης, |d 1918-2012, |e συγγραφέας | |
| 245 | 1 | 2 | |a Ο Αγιος Βάκχος, ή, Άγνωστα χρόνια του ελληνικού θεάτρου 300 π.χ. - 1600 μ.χ. / |c Αλέξη Σολομού. |
| 246 | 1 | 2 | |a Ο Αγιος Βάκχος : |b άγνωστα χρόνια του θεάτρου |
| 260 | |a Αθήνα ; |a Γιάννινα : |b Δωδώνη, |c 1987. | ||
| 300 | |a 271, [1] σ. ; |c 22 εκ. | ||
| 490 | 1 | |a Μελέτες για το θέατρο / Δωδώνη | |
| 500 | |a Περιλαμβάνει ευρετήριο. | ||
| 650 | 4 | |9 2596 |a Θέατρο |z Ελλάδα. | |
| 650 | 4 | |9 1956 |a Θέατρο |x Ιστορία. | |
| 650 | 4 | |9 8010 |a Θέατρο |z Ελλάδα |x Ιστορία | |
| 830 | 0 | |9 194645 |a Μελέτες για το θέατρο (Δωδώνη) | |
| 852 | |a GR-PaULI |b ΠΑΤΡΑ |b ΘΕΑΤΡΟΛΟΓΙΑ |k ΑΣΧΕ |h 792.09495 ΣΟΛ |m 02628 |p 025000197995 |t 3 | ||
| 942 | |2 ddc |c BK15 | ||
| 998 | |c ΛΟΤΣΑΡΗ |d 2017-12 | ||
| 998 | |c ΜΑΝΙΑ |d 2022-11 | ||